| 000 | 00795nam a22001817a 4500 | ||
|---|---|---|---|
| 005 | 20241014164218.0 | ||
| 010 | _aHIN-128619 | ||
| 020 |
_c400.00 _a9789390827855 |
||
| 035 | _aHN-100965 | ||
| 037 | _bDBAD/PUB | ||
| 082 |
_a821.08 _2प्रथम |
||
| 100 |
_aशर्मा हरिशंकर _972801 |
||
| 245 |
_aभ्रमर पत्रिका का शताब्दी वर्ष/ _cहरिशंकर शर्मा द्वारा संपादित |
||
| 260 |
_bबोधि प्रकाशन _c2021 _aजयपुर |
||
| 270 |
_bजयपुर _k9829018087, 014221370 _mbodhiprakashan@gmail.com |
||
| 300 |
_a 392 पृ. _c21 से.मी (सजिल्द) |
||
| 942 |
_2ddc _cHN _h821.08 _mहरिशंकर शर्मा |
||
| 999 |
_c206390 _d206390 |
||